000 00302nam a22001337a 4500
008 180906b xxu||||| |||| 00| 0 eng d
020 _a9780071597494
041 _aeng
080 _a371
100 _a25
101 _aEDU
245 _aThe Truth for Golfers Master Class
_cHardy, J
942 _2udc
_cBK
999 _c47590
_d47590